Modeling Fear of Crime in Dallas Neighborhoods: A Test of Social Capital Theory

Guardado en:  
Detalles Bibliográficos
Autores principales: Ferguson, Kristin M. (Autor) ; Mindel, Charles H. (Autor)
Tipo de documento: Electrónico Artículo
Lenguaje:Inglés
Publicado: 2007
En: Crime & delinquency
Año: 2007, Volumen: 53, Número: 2, Páginas: 322-349
Acceso en línea: Volltext (lizenzpflichtig)
Volltext (lizenzpflichtig)
Verificar disponibilidad: HBZ Gateway
Palabras clave:

MARC

LEADER 00000caa a2200000 c 4500
001 1408023296
003 DE-627
005 20250811141223.0
007 cr uuu---uuuuu
008 110228s2007 xx |||||o 00| ||eng c
024 7 |a 10.1177/0011128705285039  |2 doi 
035 |a (DE-627)1408023296 
035 |a (DE-576)338023291 
035 |a (DE-599)BSZ338023291 
040 |a DE-627  |b ger  |c DE-627  |e rakwb 
041 |a eng 
100 1 |a Ferguson, Kristin M.  |4 aut 
245 1 0 |a Modeling Fear of Crime in Dallas Neighborhoods  |b A Test of Social Capital Theory  |c Kristin M. Ferguson; Charles H. Mindel 
264 1 |c 2007 
336 |a Text  |b txt  |2 rdacontent 
337 |a Computermedien  |b c  |2 rdamedia 
338 |a Online-Ressource  |b cr  |2 rdacarrier 
700 1 |a Mindel, Charles H.  |4 aut 
773 0 8 |i In  |t Crime & delinquency  |d Thousand Oaks, Calif. [u.a.] : Sage Publications, 1960  |g 53(2007), 2, Seite 322-349  |h Online-Ressource  |w (DE-627)306655128  |w (DE-600)1499997-3  |w (DE-576)081985045  |x 1552-387X  |7 nnas 
773 1 8 |g volume:53  |g year:2007  |g number:2  |g pages:322-349 
856 4 0 |u https://doi.org/10.1177/0011128705285039  |x Resolving-System  |z lizenzpflichtig  |7 1 
856 4 0 |u https://journals.sagepub.com/doi/abs/10.1177/0011128705285039  |x Verlag  |z lizenzpflichtig  |7 1 
951 |a AR 
ELC |a 1 
LOK |0 000 xxxxxcx a22 zn 4500 
LOK |0 001 2665823330 
LOK |0 003 DE-627 
LOK |0 004 1408023296 
LOK |0 005 20250811141223 
LOK |0 008 110228||||||||||||||||ger||||||| 
LOK |0 040   |a DE-21-110  |c DE-627  |d DE-21-110 
LOK |0 092   |o n 
LOK |0 689   |a s  |a Sozialkapital 
LOK |0 689   |a s  |a Kriminalitätsfurcht 
LOK |0 689   |a s  |a Risikoempfindung 
LOK |0 689   |a s  |a Unhöflichkeit 
LOK |0 689   |a s  |a Zufriedenheit in Stadtvierteln 
LOK |0 689   |a s  |a Kollektive Effizienz 
LOK |0 852   |a DE-21-110 
LOK |0 852 1  |9 00 
LOK |0 935   |a tre3 
LOK |0 939   |a 28-02-11  |b l01 
ORI |a SA-MARC-krimdoka001.raw